Letters of the Serbian Cyrillic Alphabet - Sudden Death - Statistics

General Stats
  • This quiz has been taken 16 times
  • The average score is 14 of 30
Answers on the Grid
Answers color-coded by a green-red scale on the quiz's grid according to % correct below.
А
Б
В
Г
Д
Ђ
Е
Ж
З
И
Ј
К
Л
Љ
М
Н
Њ
О
П
Р
С
Т
Ћ
У
Ф
Х
Ц
Ч
Џ
Ш
Ѓ
Я
Ю
Ь
Ы
Ъ
Ќ
Э
Й
Ѕ
Ӧ
Y
Q
W
ß
Ӕ
Ө
Ѱ
Щ
 
Answer Stats
Answer % Correct
Е
70%
Ж
70%
Б
60%
Ј
60%
Л
60%
О
60%
С
60%
Ф
60%
Ч
60%
В
50%
Г
50%
И
50%
М
50%
Т
50%
Ш
50%
А
40%
Д
40%
Ђ
40%
З
40%
К
40%
Љ
40%
Њ
40%
Ћ
40%
У
40%
Х
40%
Ц
40%
Џ
40%
Н
30%
П
30%
Р
30%
No matching quizzes found
Score Distribution
Percent of People with Each Score
Percentile by Number Answered
Your Score History
You have not taken this quiz